Fundamentos de la elaboración del queso
I tiakina i:
| Kaituhi matua: | |
|---|---|
| Hōputu: | Pukapuka |
| Reo: | Pāniora |
| I whakaputaina: |
Zaragoza
Acribia
1976
|
| Ngā marau: | |
| Ngā Tūtohu: |
Tāpirihia he Tūtohu
Kāore He Tūtohu, Me noho koe te mea tuatahi ki te tūtohu i tēnei pūkete!
|
MARC
| LEADER | 00000nam a2200000 a 4500 | ||
|---|---|---|---|
| 001 | UCS9468 | ||
| 003 | CL-VaPUC | ||
| 008 | 971121e19760000SP |||||||||||||||||spa|d | ||
| 082 | 0 | 4 | |a 637.3 |b DIL |2 21 |
| 100 | 0 | |a Dilanjan, Sawen Christoforowitsch |e author |9 394508 | |
| 245 | 1 | 0 | |a Fundamentos de la elaboración del queso |
| 300 | |a 127 p | ||
| 942 | |c BK | ||
| 945 | |d 19971121 00:00:00 |a jquezada | ||
| 260 | |a Zaragoza |b Acribia |c 1976 | ||
| 650 | 7 | |a ELABORACION DEL QUESO |2 CL-VaPUC |9 394509 | |
| 650 | 7 | |a COMPONENTES DE LA LECHE |2 CL-VaPUC |9 394510 | |
| 650 | 7 | |a MANIPULACION |2 CL-VaPUC |9 394511 | |
| 650 | 7 | |a CUAJA |2 CL-VaPUC |9 394512 | |
| 650 | 7 | |a PRODUCCION DE LECHE |2 CL-VaPUC |9 394513 | |
| 583 | |a last modification |c 19971121 00:00:00 |k Rodrigo Vera | ||
| 999 | |c 263267 |d 263265 | ||